00554nam a2200193 a 450000100060000000300090000600800410001502000150005604000280007108200190009910000250011824500330014326000860017630000080026265000300027065000310030094200120033199900170034314156CO-ViMGA141112s2004 ck r 000 u spa d a9581801693 aCO-ViMGAbspacCO-ViMGA04aCo864.08 C789g1 aCruz, Antonio92069510aGrandes oradores colombianos aSantafé de Bogotá : bBiblioteca Familiar Presidencia de la Republica, c1997 a67714aENSAYOS COLOMBIANOS9121514aORATORIA COLOMBIANA913920 2ddccBK c24855d24855